000 00588nam a2200229 a 4500
005 20140310183250.0
008 041015s19uu xx 00 eng d
020 _a0-323-02586-2
050 _aRT 41
_b.P462 2005
100 _aPotter, Patricia A.
245 _aFundamentals of nursing. /
_bPatricia A. Potter.
250 _a6th ed.
260 _aMissouri :
_bMosby,
_c2005.
300 _a1728 p. :
_bill. ;
_c25 cm.
521 _aNUR
650 _aNursing.
700 _aPerry, Anne Griffin
942 _cBK
_2lcc
_kFOR
999 _c20768
_d20768